Multilinguismo y categoría social

Gespeichert in:
Bibliographische Detailangaben
1. Verfasser: Ardener, Edwin, compilador
Format: Unbekannt
Veröffentlicht: Buenos Aires, Argentina: Paidos,
Schlagworte:
Tags: Tag hinzufügen
Keine Tags, Fügen Sie den ersten Tag hinzu!

MARC

LEADER 000000000a22000000004500
001 000159
041 0 |a español 
092 0 |a 410 M958m 
100 1 |a Ardener, Edwin, compilador 
245 1 0 |a Multilinguismo y categoría social 
260 |a Buenos Aires, Argentina:   |b Paidos, 
300 |a 79 páginas 
500 |a Número de inscripción 12969 -- Título original: Social, anthropology and language 
650 4 |a LINGUISTICA 
999 |c 993  |d 993